[Event "Berlin Hellersdorf op"]
[Site "Berlin"]
[Date "2010.01.10"]
[Round "4"]
[White "Torzinski, Stefan"]
[Black "Wierzbicki, Jirawat"]
[Result "1-0"]
[WhiteElo "1531"]
[BlackElo "1164"]
[PlyCount "37"]
[EventDate "2010.01.08"]
[EventType "swiss"]
[EventRounds "5"]
[EventCountry "GER"]
[SourceTitle "EXT 2012"]
[Source "ChessBase"]
[SourceDate "2011.11.24"]
[SourceVersion "1"]
[SourceVersionDate "2011.11.24"]
[SourceQuality "1"]

1. e4 c5 2. Nf3 d6 3. d4 cxd4 4. Nxd4 Nf6 5. Nc3 g6 6. Bd3 Bg7 7. h3 0-0 8. Be3 Bd7 9. 0-0 Nc6 10. Qd2 Re8 11. f4 a6 12. Nf3 b5 13. f5 Qa5 14. a3 Reb8 15. b4 Qc7 16. Bh6 Ne8 17. Bxg7 Nxg7 18. Qh6 gxf5 19. Ng5 1-0

[Event "Berlin Eckbauer op 5th"]
[Site "Berlin"]
[Date "2002.10.07"]
[Round "1"]
[White "Torzinski, Stefan"]
[Black "Offermann, Fernando"]
[Result "0-1"]
[WhiteElo "1546"]
[BlackElo "1976"]
[PlyCount "41"]
[EventDate "2002.10.??"]
[EventType "swiss"]
[EventRounds "7"]
[EventCountry "GER"]
[SourceTitle "EXT 2005"]
[Source "ChessBase"]
[SourceDate "2004.11.15"]
[SourceVersion "1"]
[SourceVersionDate "2004.11.15"]
[SourceQuality "1"]

1. e4 c5 2. b3 Nc6 3. Bb2 e5 4. Nf3 d6 5. d3 g6 6. Be2 Bg7 7. 0-0 f5 8. exf5 Bxf5 9. Nbd2 Nh6 10. Ne4 0-0 11. Qd2 Nf7 12. h3 Bh6 13. Qd1 Qe7 14. c4 Rad8 15. Bc1 Bg7 16. Nfg5 h6 17. Nxf7 Rxf7 18. Nc3 Be6 19. Bf3 e4 20. Bxh6 Bxc3 21. Rc1 0-1

[Event "Berlin Eckbauer op 4th"]
[Site "Berlin"]
[Date "2001.10.01"]
[Round "1"]
[White "Torzinski, Stefan"]
[Black "Nickel, Arno"]
[Result "0-1"]
[WhiteElo "1580"]
[BlackElo "2020"]
[PlyCount "82"]
[EventDate "2001.10.??"]
[EventType "swiss"]
[EventRounds "7"]
[EventCountry "GER"]
[SourceTitle "EXT 2005"]
[Source "ChessBase"]
[SourceDate "2004.11.15"]
[SourceVersion "1"]
[SourceVersionDate "2004.11.15"]
[SourceQuality "1"]

1. e4 c6 2. d4 d5 3. Nc3 dxe4 4. Nxe4 Nf6 5. Nxf6+ gxf6 6. Nf3 Bf5 7. c3 e6 8. Bf4 Bd6 9. Qd2 Qc7 10. Bxd6 Qxd6 11. Bd3 Bxd3 12. Qxd3 Nd7 13. 0-0-0 0-0-0 14. g3 Ne5 15. Nxe5 fxe5 16. Qe4 exd4 17. Rxd4 Qc5 18. Rhd1 Rd5 19. f4 h5 20. Rxd5 cxd5 21. Qe5 Rh7 22. Rd4 h4 23. Qg5 Qf8 24. gxh4 Rg7 25. Qe5 Qh8 26. Rd1 Qh7 27. c4 Rg2 28. Qc3 d4 29. Rxd4 Rxh2 30. Rd2 Rh1+ 31. Rd1 Rxd1+ 32. Kxd1 Qxh4 33. Qe5 Qf2 34. Kc1 Qf1+ 35. Kd2 Qxc4 36. Qc3 Qxc3+ 37. bxc3 Kc7 38. Kd3 Kd6 39. Kd4 f6 40. c4 b6 41. a4 a5 0-1